[Event "86th UKR-ch Men 2017"]
[Site "Zhytomyr"]
[Date "2017.12.16"]
[Round "10"]
[White "Vovk, Andriy"]
[Black "Gasanov, Eldar"]
[Result "1/2-1/2"]
[WhiteElo "2634"]
[BlackElo "2488"]
[Annotator "TA"]
[PlyCount "127"]
[EventDate "2017.??.??"]
[EventType "tourn"]
[EventCountry "UKR"]
[SourceTitle "playchess.com"]
[Source "ChessBase"]
[SourceQuality "1"]

{[%evp 26,127,-26,-10,0,-10,0,-36,0,0,0,-46,2,-13,-23,-31,-21,-204,-193,-154,-85,-121,-63,-97,-99,-214,-15,-22,-18,-18,-22,-22,-20,-15,-14,-14,-16,-24,-30,-27,0,0,0,0,0,0,38,5,5,0,34,31,58,60,59,56,56,56,62,54,60,0,0,0,0,0,0,-3,25,22,22,27,42,-35,-16,-16,-16,-16,-16,-29,-16,-27,-10,-33,-8,-8,1,-8,0,-331,-335,-313,-292,-202,0,0,0,0,0,0,0,0,0,0]} 1. e4 e5 2. Nf3 Nc6 3. d4 exd4 4. Nxd4 Nf6 5. Nxc6 bxc6 6. e5 Qe7 7. Qe2 Nd5 8. c4 Ba6 9. b3 g6 10. Ba3 {C45: Scotch Game} (10. f4 d6 11. Qf2 Nf6 12. Ba3 Qe6 13. Be2 dxe5 14. Bxf8 Kxf8 15. O-O exf4 16. Qxf4 Kg7 17. Nc3 Rae8 {½-½ (47) Svidler,P (2749)-Carlsen,M (2822) Saint Louis 2017}) 10... Nb4 11. Bb2 Bg7 12. a3 Nd5 {[%cal Bb4d5,Bd5b6,Bb6a4][%mdl 32]} 13. Nd2 O-O 14. O-O-O {LiveBook: 4 Games} Nb6 15. f4 d5 $146 ({Predecessor:} 15... Rfe8 16. Qf2 d6 17. c5 Bxf1 18. cxb6 {½-½ (31) Dunlop,G (2130)-Kern,M (2057) ICCF email 2012}) 16. h4 (16. exd6 $5 Qxd6 17. Bxg7 Kxg7 18. Qe5+ Qxe5 19. fxe5 $11) 16... Rad8 17. h5 dxc4 18. Qe4 Qe6 19. bxc4 Na4 (19... Qg4 $6 20. Be2 $16) 20. Ba1 Qe7 21. Rh3 $2 (21. Qe3 $1 $11 {and White is okay.}) 21... Bc8 $19 22. Re3 Qc5 (22... gxh5 23. Qxc6 Nc5 24. Ne4 $11) ({Better is} 22... Bg4 23. Rde1 Qd7) 23. Rb3 Bf5 ({Black should play} 23... Qa5 $17 24. Qxc6 Bd7) 24. Qf3 Rb8 $1 25. Be2 (25. hxg6 $17 hxg6 26. Be2) 25... Bg4 $2 ({Black should try} 25... Rfd8 $19 26. hxg6 hxg6) 26. Qxg4 $11 Rxb3 27. Nxb3 Qxa3+ 28. Kd2 {Hoping for Nd4.} Qxb3 29. Ke1 Nb2 30. Rd7 Nxc4 31. hxg6 hxg6 32. Qf3 Qa4 33. Bc3 {Strongly threatening Rd4.} Nb6 34. Rd4 $1 {[%cal Rd4a4]} Qc2 35. Qxc6 Qb3 36. Bb4 {[%mdl 1024] White has compensation.} Qb2 $132 {[%mdl 2048] Black is not keeping still} 37. Bc3 Qb1+ 38. Kf2 Qb3 39. Bd2 Qb2 40. Rd3 Qa2 41. g3 Qc4 42. Qb7 a5 43. Be3 (43. Rd6 $14 Qc5+ 44. Be3) 43... a4 44. Rd1 Qb3 45. Bc5 Rc8 46. Rc1 Qd5 47. Qxd5 Nxd5 48. Bb5 Bf8 49. Bd4 (49. Bxa4 $14 Bxc5+ 50. Rxc5) 49... a3 50. Kf3 c5 {White must now prevent ...Nc7.} 51. Ba1 Nb6 52. Ke4 c4 53. g4 Bb4 {aiming for ...Bd2.} 54. Bd4 c3 {...c2 is the strong threat.} 55. f5 a2 {And now ...Nc4 would win.} 56. Rh1 {White wants to mate with e6.} ({Avoid the trap} 56. Bxb6 $2 c2 $19) 56... Be7 {Threatens to win with ...c2.} 57. fxg6 $2 {[%mdl 8192]} ({Don't go for} 57. Bxb6 $2 c2 $19) (57. e6 $11 {and White has nothing to worry.} gxf5+ 58. gxf5) 57... c2 $19 58. gxf7+ Kxf7 59. Kf5 {[#]} Ba3 $2 (59... Bh4 $1 $19 {[%mdl 512]} 60. Rc1 (60. Rxh4 c1=Q) 60... Nd5) 60. Rh7+ $1 $11 {The position is equal.} Kg8 61. Kg6 $1 {Threatening mate with e6.} c1=Q ({Weaker is} 61... Bf8 62. e6 Bg7 63. Bxg7 c1=Q 64. Rh8#) 62. Rg7+ Kf8 {( -> ...Qb1+)} 63. Rf7+ Kg8 64. Rg7+ {Precision: White = 54%, Black = 34%.} 1/2-1/2

[Event "86th UKR-ch Men 2017"]
[Site "Zhytomyr"]
[Date "2017.12.16"]
[Round "10"]
[White "Kovchan, Alexander"]
[Black "Golubka, Petro"]
[Result "1/2-1/2"]
[WhiteElo "2592"]
[BlackElo "2475"]
[Annotator "TA"]
[PlyCount "78"]
[EventDate "2017.??.??"]
[EventType "tourn"]
[EventCountry "UKR"]
[SourceTitle "playchess.com"]
[Source "ChessBase"]
[SourceQuality "1"]

{[%evp 21,78,41,52,35,40,-22,25,17,1,0,0,-10,0,0,31,23,15,0,0,0,0,0,0,0,0,-12,-12,-15,-12,-12,-12,-19,-20,-20,-20,-20,-19,-20,-7,-7,-7,-7,-7,-7,0,0,0,0,0,0,0,0,0,0,0,0,0,0,0]} 1. e4 c5 2. Nf3 d6 3. d4 cxd4 4. Nxd4 Nf6 5. Nc3 a6 6. Be3 Nc6 7. f3 e6 8. Qd2 Be7 9. O-O-O O-O 10. g4 Nxd4 11. Bxd4 b5 12. a3 {B80: Sicilian Scheveningen: 6 g3 and 6 Be3, including English Attack} (12. Kb1 b4 13. Ne2 d5 14. e5 Nd7 15. f4 a5 16. f5 Bg5 17. Nf4 a4 18. h4 Bxf4 19. Qxf4 Qc7 20. Qg5 {0-1 (33) Grigoriants,S (2603)-Andreikin,D (2720) Berlin 2015}) 12... Nd7 13. Rg1 (13. Be2 $14) 13... Rb8 14. g5 {White has an edge.} Ne5 15. Rg3 $146 ({Predecessor:} 15. Qe3 Qc7 16. f4 Nc4 17. Bxc4 Qxc4 18. Bf6 Bd8 19. Rxd6 Bc7 20. b3 {1-0 (20) Mrdja,M (2432)-Schaefer,M (2180) Porto San Giorgio 2004}) 15... Nc6 16. f4 Nxd4 17. Qxd4 Bd7 18. e5 d5 {[%cal Bd6d5,Bd5e4,Be4e3][%mdl 32] And now ...b4 would win.} 19. Ne4 {The position is equal.} dxe4 20. Qxd7 Qxd7 21. Rxd7 Bc5 22. Rc3 Rbc8 23. Bg2 Bg1 24. Rh3 e3 $1 {[%cal Re3e2] Strongly threatening ...e2.} 25. Be4 g6 {Threatens to win with ...Rc4.} 26. Bd3 $1 Rfd8 27. Rxd8+ $1 Rxd8 $11 {[%mdl 4096] Endgame KRB-KRB} 28. Kd1 $1 Rd4 29. Rh4 $1 b4 30. axb4 $1 Rxb4 31. b3 a5 32. Ke2 a4 33. bxa4 Rxa4 34. Kf3 Bf2 35. Rh6 Bg1 36. Be2 Kg7 37. Bd3 Rd4 38. Rh4 Bf2 39. Rh6 Bg1 {Precision: White = 73%, Black = 65%.} 1/2-1/2

[Event "86th UKR-ch Men 2017"]
[Site "Zhytomyr"]
[Date "2017.12.16"]
[Round "10"]
[White "Bernadskiy, Vitaliy"]
[Black "Frolov, Artur"]
[Result "1/2-1/2"]
[WhiteElo "2583"]
[BlackElo "2416"]
[Annotator "TA"]
[PlyCount "148"]
[EventDate "2017.??.??"]
[EventType "tourn"]
[EventCountry "UKR"]
[SourceTitle "playchess.com"]
[Source "ChessBase"]
[SourceQuality "1"]

{[%evp 9,148,29,26,30,8,21,34,20,28,27,37,-6,18,24,31,34,41,14,28,10,75,69,74,78,86,83,154,55,72,34,35,32,53,35,43,50,45,0,2,0,-9,-41,-43,-38,-8,-63,-61,-58,0,0,0,-7,-1,0,0,-18,-13,-20,-16,-19,-8,-8,0,0,0,0,0,0,-2,-54,-54,-54,-54,-59,-59,-63,-63,-64,-70,-63,-68,-69,-66,-107,-54,-55,-54,-54,-54,-63,-55,-63,-55,-55,-37,-39,-33,-33,-33,-33,-33,-55,-41,-41,-16,-16,-16,-16,-16,-16,-16,-16,-16,-16,-16,-16,-16,-16,-16,-16,-16,-16,-16,-16,-16,-16,-16,-16,0,-16,-16,-16,0,0,0,0,0,0,0,0,0]} 1. Nf3 Nf6 2. d4 g6 3. Nbd2 d5 4. e3 Bg7 5. b4 a5 (5... O-O 6. Bb2 Bf5 7. Be2 Nbd7 8. O-O c6 9. a4 Ne4 10. c4 Re8 11. cxd5 cxd5 12. Nxe4 Bxe4 13. Qb3 {1-0 (32) So,W (2808)-Vachier Lagrave,M (2796) chess.com INT 2017}) 6. b5 {D02: 1 d4 d5 2 Nf3 sidelines, including 2...Nf6 3 g3 and 2...Nf6 3 Bf4} c5 7. bxc6 bxc6 8. c4 {White is slightly better.} O-O 9. Be2 c5 10. O-O cxd4 $146 ({Predecessor:} 10... Nc6 11. Nb3 Ne4 12. Ba3 cxd4 13. Nbxd4 Nxd4 14. Nxd4 {0-1 (43) Saba,Z (1846)-Ozer,O (1871) Denizli 2013}) 11. Nxd4 e5 12. Nb5 {Black must now prevent Ba3.} Nc6 {[%cal Bb8c6,Bc6b4,Bb4d3][%mdl 32]} 13. Ba3 Nb4 14. Bb2 e4 (14... Bf5 $11) 15. a3 $16 Nd3 16. Bd4 Rb8 17. a4 Bb7 (17... dxc4 $142 18. Nxc4 Ba6) 18. cxd5 (18. Bxd3 $16 exd3 19. c5) 18... Qxd5 $14 19. f3 Ne5 20. Nc3 Qe6 21. fxe4 Nc6 22. Bc4 Qd6 $1 23. Nb5 (23. Bxf6 $5 Bxf6 24. Nd5 Bxa1 25. Qxa1 $11) 23... Qe7 24. Bxf6 Bxf6 25. Rc1 Ne5 26. Ba2 Rbc8 27. Qb3 (27. Rxc8 $11 Rxc8 28. Bd5 Bxd5 29. exd5) 27... Rxc1 $15 28. Rxc1 Rd8 (28... Bg5 $15 29. Rc7 Qd8) 29. Rc7 $11 Rd7 30. Rxd7 Qxd7 ({Of course not} 30... Nxd7 $6 {[#]} 31. Qxf7+ $1 {[%mdl 512]} (31. Nd6 Bc6 $14) 31... Qxf7 32. Bxf7+ Kf8 33. Bd5 $16) 31. Nd4 Ng4 32. Qb5 Qxb5 33. Nxb5 Bg5 34. Nf1 Bxe4 {Black wants to play ...Bc2.} 35. Nd6 Bc2 36. Nxf7 Bxe3+ 37. Nxe3 Nxe3 {[%mdl 4096] Endgame KBN-KBN} 38. Kf2 Nd1+ 39. Ke1 ({White should play} 39. Kg1 $11) 39... Nc3 $15 40. Bc4 {[#] Kd2 is the strong threat.} Nxa4 41. Kd2 Nb6 42. Be6 Ba4 43. Nd6+ Kg7 44. Nb7 Bc6 $1 {[%cal Rc6b7]} 45. Nxa5 Bxg2 46. Nc4 Na4 (46... Kf6 $17 47. Bg8 Nxc4+ 48. Bxc4 h5) 47. Ne3 Bc6 48. Bd5 Bd7 49. Ke2 Kf6 50. Kf2 Ke5 51. Bg8 h6 52. Kg3 Nc5 (52... Kf6 {seems wilder.} 53. Bc4 Nc5 54. h4 Bf5 55. Ba2 Ke5) 53. Ng4+ Bxg4 54. Kxg4 {KB-KN} Ne4 {Hoping for ...Nf6+.} 55. Ba2 Nf6+ 56. Kf3 g5 57. Bb1 {The position is equal.} h5 {[%cal Bh6h5,Bh5h4][%mdl 32]} 58. Bg6 h4 {aiming for ...g4+.} 59. h3 Nd7 60. Bh5 Nc5 61. Bg4 Nb3 62. Bc8 Nd2+ 63. Kg4 Kf6 64. Bb7 Nc4 65. Kf3 Ne5+ 66. Ke4 Nf7 67. Kf3 $1 Nd6 68. Ba6 Nf7 69. Bc8 Nd8 70. Bd7 Ne6 71. Bxe6 Kxe6 72. Kg4 Kf6 73. Kf3 Kf5 74. Ke3 Ke5 {Precision: White = 62%, Black = 51%.} 1/2-1/2

[Event "86th UKR-ch Men 2017"]
[Site "Zhytomyr"]
[Date "2017.12.16"]
[Round "10"]
[White "Neverov, Valeriy"]
[Black "Shevchenko, Kirill"]
[Result "1/2-1/2"]
[WhiteElo "2496"]
[BlackElo "2547"]
[Annotator "TA"]
[PlyCount "81"]
[EventDate "2017.??.??"]
[EventType "tourn"]
[EventCountry "UKR"]
[SourceTitle "playchess.com"]
[Source "ChessBase"]
[SourceQuality "1"]

{[%evp 11,81,-4,15,0,0,4,17,0,0,0,0,0,6,1,8,0,15,0,0,0,31,27,41,25,48,36,50,39,70,49,67,71,74,22,22,22,22,23,24,16,12,35,22,28,20,38,20,17,20,62,24,0,102,75,71,27,34,25,25,21,64,0,0,0,0,0,0,0,0,0,0,0]} 1. d4 d6 2. Nf3 Nf6 3. g3 g6 4. Bg2 Bg7 5. O-O O-O 6. Nbd2 Nc6 {LiveBook: 78 Games} 7. b3 {A49: 1 d4 Nf6 2 Nf3 g6 3 g3: Anti-King's Indian systems} (7. e4 e5 8. dxe5 dxe5 9. b3 Re8 10. Bb2 Bg4 11. h3 Bxf3 12. Bxf3 Qd7 13. Bg2 Rad8 14. Nc4 Qe6 15. Qc1 h5 16. a4 Nd4 17. Re1 Kh7 18. Bxd4 Rxd4 {½-½ (41) Markus,R (2662)-Draskovic,L (2448) Niksic 2016}) 7... e5 8. dxe5 Ng4 9. Nc4 Ngxe5 $146 ({Predecessor:} 9... Be6 10. Rb1 Ngxe5 11. Nfxe5 dxe5 12. Ba3 Re8 13. Bxc6 bxc6 14. Qxd8 Rexd8 {1-0 (67) Cortlever,N-Orbaan,C Amsterdam 1958}) 10. Nfxe5 Nxe5 11. Nxe5 Bxe5 12. Bh6 Re8 13. Rb1 Qf6 14. Qd2 Bc3 15. Qd3 c6 16. e4 d5 17. exd5 Bf5 18. Qf3 {[%cal Rd5c6]} cxd5 $1 19. Rbd1 Bd4 20. h4 Qb6 21. Qxd5 Rad8 22. Qxb7 (22. Qf3 $16) 22... Bxf2+ $1 $11 23. Kh2 Rxd1 $1 24. Rxd1 $40 {[%mdl 128] Black needs to defend precisely.} Bxc2 25. Rd7 {[#] Threatens to win with Qd5.} Bg1+ $1 26. Kh1 Qxb7 $1 27. Rxb7 Be3 $1 {[%cal Re3h6]} 28. Bxe3 Rxe3 {[%mdl 4096] Endgame KRB-KRB} 29. Rc7 Bd1 30. Rxa7 Rxg3 31. Bd5 Kg7 (31... Bf3+ $1 $11 {keeps the balance.} 32. Bxf3 Rxf3) 32. Rxf7+ Kh6 33. Rf4 Rd3 34. Bc4 Rd2 35. a4 {aiming for a5.} Rb2 36. a5 ({Better is} 36. Rf7 $1 $14) 36... Bxb3 {The position is equal.} 37. Bxb3 Rxb3 38. Ra4 g5 39. a6 {[%cal Ba5a6,Ba6a7][%mdl 32]} Rb8 40. a7 Ra8 41. hxg5+ {Precision: White = 61%, Black = 58%.} 1/2-1/2

[Event "86th UKR-ch Men 2017"]
[Site "Zhytomyr"]
[Date "2017.12.16"]
[Round "10"]
[White "Grinev, Valeriy"]
[Black "Vypkhaniuk, Ihor"]
[Result "1/2-1/2"]
[WhiteElo "2409"]
[BlackElo "2336"]
[Annotator "NA"]
[PlyCount "132"]
[EventDate "2017.??.??"]
[EventType "tourn"]
[EventCountry "UKR"]
[SourceTitle "playchess.com"]
[Source "ChessBase"]
[SourceQuality "1"]
[TimeControl "40/5400+30:1800+30"]

1. c4 {[%emt 0:00:00]} g6 {[%emt 0:01:50]} 2. d4 {[%emt 0:00:01]} d6 {[%emt 0:00:21]} 3. e4 {[%emt 0:00:11]} Bg7 {[%emt 0:00:13]} 4. Nc3 {[%emt 0:00:10]} Nf6 {[%emt 0:00:09]} 5. Be2 {[%emt 0:00:09]} O-O {[%emt 0:00:08]} 6. Nf3 {[%emt 0:00:06]} e5 {[%emt 0:00:26]} 7. O-O {[%emt 0:00:10]} exd4 {[%emt 0:00:50]} 8. Nxd4 {[%emt 0:00:12]} Re8 {[%emt 0:00:04]} 9. f3 {[%emt 0:00:21]} Nc6 {[%emt 0:00:53]} 10. Be3 {[%emt 0:00:29]} Nh5 {[%emt 0:00:37]} 11. Qd2 {[%emt 0:00:38]} f5 {[%emt 0:01:02]} 12. Nxc6 {[%emt 0:00:33]} bxc6 {[%emt 0:00:22]} 13. Bg5 {[%emt 0:08:24]} Qd7 {[%emt 0:00:17]} 14. c5 {[%emt 0:07:46]} dxc5 {[%emt 0:20:36]} 15. Bc4+ {[%emt 0:20:32]} Kh8 16. Qxd7 {[%emt 0:00:28]} Bxd7 {[%emt 0:01:33]} 17. exf5 Bd4+ {[%emt 0:27:09]} 18. Kh1 {[%emt 0:00:37]} Kg7 $16 {[%emt 0:14:22]} (18... Rab8 $14) 19. Rad1 {[%emt 0:06:46]} gxf5 {[%emt 0:00:30]} 20. Ne2 {[%emt 0:00:40]} Kg6 {[%emt 0:04:01]} 21. Bc1 Be6 {[%emt 0:01:50]} 22. Bxe6 {[%emt 0:02:11]} Rxe6 {[%emt 0:00:01]} 23. Nxd4 {[%emt 0:00:14]} cxd4 {[%emt 0:00:02]} 24. Rxd4 {[%emt 0:00:15]} Nf6 {[%emt 0:01:43]} 25. Bd2 {[%emt 0:12:28]} Rd6 {[%emt 0:02:41]} 26. Bc3 Nd5 27. Rfd1 {[%emt 0:08:53]} Rb8 {[%emt 0:02:10]} 28. Kg1 {[%emt 0:04:11]} h5 {[%emt 0:08:48]} 29. R1d2 {[%emt 0:14:11]} f4 {[%emt 0:01:07]} 30. Ba5 {[%emt 0:01:44]} Re6 {[%emt 0:00:27]} 31. Rc2 Kf5 {[%emt 0:07:52]} 32. Kf2 {[%emt 0:04:38]} Rg8 33. Rdd2 {[%emt 0:08:58]} h4 {[%emt 0:02:13]} 34. h3 {[%emt 0:01:10]} Reg6 {[%emt 0:01:00]} 35. Kg1 {[%emt 0:00:07]} Re8 {[%emt 0:00:17]} 36. Re2 {[%emt 0:00:21]} Re3 {[%emt 0:00:34]} 37. Kf1 {[%emt 0:01:46]} Re5 {[%emt 0:02:13]} 38. Rxe5+ {[%emt 0:00:40]} Kxe5 {[%emt 0:00:01]} 39. Re2+ {[%emt 0:00:19]} Kd4 {[%emt 0:00:00]} 40. Be1 {[%emt 0:00:00]} Rh6 41. Rd2+ {[%emt 0:05:31]} Kc4 {[%emt 0:06:54]} 42. b3+ {[%emt 0:02:03]} Kb5 {[%emt 0:00:59]} 43. Bf2 a5 44. Rd4 {[%emt 0:01:05]} Rg6 {[%emt 0:11:24]} 45. Rc4 Ka6 {[%emt 0:01:17]} 46. Rc5 {[%emt 0:02:05]} Rd6 {[%emt 0:01:02]} 47. Bxh4 {[%emt 0:03:39]} Ne3+ {[%emt 0:00:44]} 48. Ke2 Nxg2 {[%emt 0:00:24]} 49. Bf2 {[%emt 0:01:08]} Re6+ {[%emt 0:02:28]} 50. Kd2 Rd6+ 51. Kc3 {[%emt 0:10:00]} Re6 {[%emt 0:02:14]} 52. Kb2 {[%emt 0:04:47]} Rh6 {[%emt 0:01:33]} 53. Rg5 {[%emt 0:04:04]} Nh4 {[%emt 0:05:03]} 54. Rg7 Kb7 55. Be1 {[%emt 0:00:59]} Rh5 {[%emt 0:01:28]} 56. Bd2 Nxf3 {[%emt 0:00:30]} 57. Bxf4 {[%emt 0:01:26]} Rxh3 {[%emt 0:00:32]} 58. Bxc7 {[%emt 0:00:00]} a4 {[%emt 0:01:36]} 59. bxa4 c5 {[%emt 0:00:56]} 60. a5 {[%emt 0:01:00]} Nd4 {[%emt 0:00:31]} 61. Bb6+ {[%emt 0:00:10]} Ka6 {[%emt 0:00:42]} 62. Rc7 {[%emt 0:01:41]} Rh2+ {[%emt 0:00:32]} 63. Kc1 {[%emt 0:00:32]} Rxa2 {[%emt 0:00:20]} 64. Kb1 {[%emt 0:00:32]} Ra4 {[%emt 0:01:14]} 65. Rxc5 {[%emt 0:01:01]} Nb3 {[%emt 0:00:36]} 66. Rh5 {[%emt 0:00:09]} Nxa5 {[%emt 0:00:15]} 1/2-1/2

[Event "86th UKR-ch Men 2017"]
[Site "Zhytomyr"]
[Date "2017.12.17"]
[Round "11"]
[White "Oleksiyenko, Mykhaylo"]
[Black "Kovchan, Alexander"]
[Result "0-1"]
[WhiteElo "2615"]
[BlackElo "2592"]
[Annotator "TA"]
[PlyCount "96"]
[EventDate "2017.??.??"]
[EventType "tourn"]
[EventCountry "UKR"]
[SourceTitle "playchess.com"]
[Source "ChessBase"]
[SourceQuality "1"]

{[%evp 16,95,8,9,12,25,16,23,26,31,39,27,39,21,47,42,43,37,40,49,39,40,37,52,50,25,59,51,31,0,34,14,52,0,0,0,0,0,0,-38,0,0,0,-11,-16,-67,-65,-75,0,0,0,-72,-82,-74,-65,-64,-50,-52,950,931,315,0,0,-409,-387,-29990,-29991,-29991,-29992,-29992,-29993,-29994,-29995,-29996,-29997,-29997,-29998,-29998,-29998,-29998,-29999,-29999]} 1. e4 c5 2. Nf3 d6 3. d4 cxd4 4. Nxd4 Nf6 5. Nc3 a6 6. Bg5 e6 7. f4 h6 8. Bh4 Qb6 9. a3 Be7 {B96: Sicilian Najdorf: 6 Bg5 e6 7 f4, lines other than 7...Qb6 and 7...Be7} 10. Bf2 Qc7 11. Qf3 b5 {White has an edge.} (11... Nbd7 12. O-O-O b5 13. g4 Bb7 14. Bg2 g5 15. h4 gxf4 16. g5 Ne5 17. Qxf4 hxg5 18. hxg5 Rxh1 19. Rxh1 {0-1 (59) Karjakin,S (2760)-Vachier Lagrave,M (2789) London 2017}) 12. g4 Nc6 13. Nxc6 Qxc6 14. O-O-O Bb7 {[%cal Rf6e4]} 15. Bd3 $1 Nd7 16. Bd4 e5 17. Be3 exf4 18. Bxf4 Qc5 $146 19. h4 b4 20. axb4 Qxb4 21. g5 Rb8 22. Rdf1 Bc6 23. Nd1 Nc5 24. Bd2 ({White should try} 24. gxh6 $14 gxh6 25. Be3) 24... Nxd3+ $11 25. cxd3 Qb3 26. Bc3 hxg5 $40 {[%mdl 128] White needs to defend precisely.} 27. h5 Ba4 {[%csl Ga4][%cal Rb3c2]} 28. Kd2 Qc2+ 29. Ke3 $1 f6 30. Rf2 (30. Nf2 $11) 30... Qb3 $1 $15 {And now ...d5! would win.} 31. Kd2 {[#]} Qc2+ (31... d5 $1 $17 {[%mdl 512] Hoping for ...d4!} 32. Ne3 (32. exd5 O-O) 32... d4 $1 {[%mdl 512]} 33. Bxd4 Bc5 $1 {[%mdl 512]}) 32. Ke3 $11 Qb3 (32... Qb1 $11) 33. Kd2 $1 $17 {[#]} d5 $1 {[%mdl 512]} 34. Ne3 (34. exd5 Bd6) 34... Bc5 35. d4 $1 {[%cal Rd4c5] [#]} Ba3 $1 {[%cal Ra3b2][%mdl 512]} 36. Qf5 $1 {[%cal Rf5e6]} (36. bxa3 Qa2+) 36... O-O $2 {[%mdl 8192] [#]} ({But not} 36... Bxb2 $2 37. Qe6+ Kf8 38. Rxf6+ $1 {[%mdl 512]} gxf6 39. Qxf6+ Ke8 40. Qe6+ Kd8 41. Ba5+ Rb6 42. Bxb6+ Qxb6 43. Qxb6+ $18) (36... Rh6 $15 37. Nxd5 Bxb2 38. Qe6+ Kf8 39. Bb4+ Rxb4 40. Qe7+ Kg8 41. Qxb4 Qc2+ 42. Ke3 Bc1+ 43. Rd2 f5 44. Rxc1 f4+ 45. Kf2 Qxc1) 37. h6 $1 $18 {[%cal Rh6g7] Black must now prevent hxg7.} Qa2 {[#]} 38. Qe6+ $2 ({Weaker is} 38. Qxd5+ Qxd5 39. Nxd5 Bxb2 $11) (38. Ke2 $1 $18 {Threatens to win with hxg7.} Rxb2+ 39. Bxb2 Qxb2+ 40. Kf1 (40. Kf3 Qxd4 41. Nxd5 Qe5 $11) 40... Qb1+ 41. Kg2 Qxe4+ 42. Qxe4 dxe4 43. Ra2) 38... Rf7 $11 39. h7+ $2 {[%mdl 8192]} (39. Nxd5 $11 Rxb2+ 40. Bxb2 Qxb2+ 41. Ke3 Qb3+ 42. Kd2) 39... Kh8 $19 40. Qxf7 $2 (40. Nxd5 $19 Rxb2+ 41. Bxb2 Qxb2+ 42. Ke3 Qb3+ 43. Kd2) 40... Rxb2+ {Black mates.} 41. Bxb2 Qxb2+ 42. Ke1 Qb1+ 43. Ke2 Bb5+ 44. Kf3 Qxe4+ ({Less strong is} 44... Qxh1+ 45. Kg3 $17) 45. Kg3 Bd6+ 46. Kh3 Qxh1+ 47. Kg4 Qh4+ 48. Kf3 Qe4# {Precision: White = 67%, Black = 71%.} 0-1

[Event "86th UKR-ch Men 2017"]
[Site "Zhytomyr"]
[Date "2017.12.17"]
[Round "11"]
[White "Shevchenko, Kirill"]
[Black "Grinev, Valeriy"]
[Result "1/2-1/2"]
[WhiteElo "2547"]
[BlackElo "2409"]
[Annotator "TA"]
[PlyCount "73"]
[EventDate "2017.??.??"]
[EventType "tourn"]
[EventCountry "UKR"]
[SourceTitle "playchess.com"]
[Source "ChessBase"]
[SourceQuality "1"]

{[%evp 19,73,19,17,8,9,7,20,10,25,22,21,34,62,70,58,68,79,64,52,57,78,66,72,41,39,40,81,87,72,18,18,14,20,8,14,12,41,30,27,43,27,27,38,24,182,13,13,0,10,0,0,0,7,0,0,-1941]} 1. e4 e5 2. Nf3 Nf6 3. Nc3 Nc6 4. Bb5 Bb4 5. d3 d6 6. O-O Bxc3 7. bxc3 O-O 8. Bg5 a6 9. Ba4 Qe7 10. Re1 Nd8 {LiveBook: 4 Partien. C49: Vierspringerspiel (Symmetrische Variante)} 11. h3 $146 ({Vorgänger:} 11. Nd2 h6 12. Bh4 Ne6 13. Nf1 Nc5 14. Bb3 Nxb3 15. cxb3 g5 16. Bg3 Bg4 17. Qd2 Nh5 18. Ne3 {½-½ (75) Gundavaa,B (2485)-Nguyen,N (2632) Chengdu 2017}) 11... Ne6 12. Be3 Bd7 (12... b5 $5 13. Bb3 $8 Bb7 $11) 13. Bb3 Nc5 14. Bxc5 dxc5 15. d4 cxd4 16. cxd4 exd4 17. e5 Nh5 18. Qxd4 g6 19. Rad1 Rad8 {[#]} 20. Qe3 $1 {[%cal Re3h6]} Be6 21. Qh6 Bxb3 22. cxb3 {zielt auf g4 ab.} Rxd1 23. Rxd1 {Und weiter mit g4 wäre nett.} f6 24. g4 $40 {[%mdl 128] Schwarz muss sich nun genau verteidigen.} (24. Qd2 $16) 24... Ng7 $1 $11 25. exf6 Rxf6 26. Ng5 Ne8 27. Kf1 Nd6 28. Re1 Qd7 29. Qh4 {Und Sxh7 würde nun gewinnen.} Rf8 30. Ne6 Re8 31. Qf6 Nb5 $2 {[#]} (31... b6 $11 {und Schwarz muss sich keine Sorgen machen.}) 32. Re3 $2 (32. Nc5 $1 $18 {[%cal Rc5d7]} Rxe1+ 33. Kxe1) 32... c6 {Die Stellung ist ausgeglichen.} 33. Qe5 Re7 34. Qb8+ Re8 35. Qe5 Re7 36. Qb8+ Re8 37. Qc8 $2 {[%mdl 40960] Precision: Weiß = 48%, Schwarz = 48%. . An unexpected result.} (37. Qe5 $11) 1/2-1/2

[Event "86th UKR-ch Men 2017"]
[Site "Zhytomyr"]
[Date "2017.12.17"]
[Round "11"]
[White "Gasanov, Eldar"]
[Black "Neverov, Valeriy"]
[Result "1/2-1/2"]
[WhiteElo "2488"]
[BlackElo "2496"]
[Annotator "TA"]
[PlyCount "28"]
[EventDate "2017.??.??"]
[EventType "tourn"]
[EventCountry "UKR"]
[SourceTitle "playchess.com"]
[Source "ChessBase"]
[SourceQuality "1"]

{[%evp 17,18,0,0]} 1. d4 Nf6 2. Nf3 d5 3. c4 c6 4. cxd5 cxd5 5. Nc3 Nc6 6. Bf4 Bf5 7. e3 e6 8. Bd3 Bxd3 9. Qxd3 Bd6 {Predecessor:} 10. Bxd6 $146 Qxd6 11. O-O O-O 12. Rfc1 Rac8 13. Ne2 Ne4 14. Qd1 h6 {½-½ (14) Jobava,B (2714)-Saric,I (2621) Helsingor 2017} 1/2-1/2